|
|
|
|
| LEADER |
00866nam#a2200277#a#4500 |
| 001 |
008242 |
| 003 |
AR-BeUNQ |
| 005 |
20191120154759.0 |
| 008 |
020430s1969########################spa#d |
| 999 |
|
|
|c 10808
|d 86195
|
| 040 |
|
|
|a AR-beUNQ
|e aacr
|
| 099 |
|
|
|a 01-M79 [Fondo Reservado]
|
| 110 |
2 |
|
|a Movimiento Revolucionario Paraguayo
|
| 245 |
0 |
0 |
|a Anuario de Orientación Nacional 1968/9
|c Movimiento Revolucionario Paraguayo.
|
| 260 |
|
|
|a Cerro Cora :
|b Movimiento Revolucionario Paraguayo,
|c 1969
|
| 300 |
|
|
|a 38 p
|
| 592 |
|
|
|a Fondo Reservado
|
| 650 |
|
7 |
|a ESTRUCTURAS SOCIALES
|2 Spines
|
| 650 |
|
7 |
|a FUERZAS ARMADAS
|2 Spines
|
| 650 |
|
7 |
|a IGLESIA
|2 toit
|
| 651 |
|
7 |
|a PARAGUAY
|2 Spines
|
| 651 |
|
7 |
|a AMERICA LATINA
|2 toit
|
| 653 |
|
|
|a POLITICA NACIONAL
|
| 653 |
|
|
|a SOBERANIA
|
| 929 |
|
|
|a COMPRA
|b Rogelio García Lupo
|d 2,00E
|e 1998
|f patrimonio
|j 31238
|
| 942 |
|
|
|c LIB
|n 0
|